| 000 | 00421nam a22001457a 4500 | ||
|---|---|---|---|
| 005 | 20171005163135.0 | ||
| 020 |
_a9788124801918 _c450.00 |
||
| 037 | _bAtlantic | ||
| 100 | _aBhalla, Prem P. | ||
| 245 |
_aThe story of Sri Ram / _cby Prem P. Bhalla |
||
| 260 |
_aNew Delhi _bPeacock Books _c2009 |
||
| 270 |
_a7/22, Ansari Road, Daryaganj, _bNew Delhi _e110002 |
||
| 300 |
_avi, 234p. _c24cm(Hb) |
||
| 942 |
_cEN _2ddc _mBHA |
||
| 999 |
_c35590 _d35590 |
||